| 000 | 00884nam a2200253 a 4500 | ||
|---|---|---|---|
| 001 | BRCA_6414 | ||
| 005 | 20190320205438.0 | ||
| 008 | 150911s1910----mx-a######---#000-0#spa-# | ||
| 041 | _aspa | ||
| 044 | _amx | ||
| 050 | 4 |
_aF1215 _b.A52 1910 |
|
| 245 | 1 | 0 |
_aAlbum Gráfico de la República Mexicana 1910 _cprólogo Eugenio Espino Barros. |
| 260 |
_aMéxico _bMüller Hnos. _c1910 |
||
| 300 |
_a411 p. _bil. _c31 cm. |
||
| 500 | _aDedicado al Gral. de División Don Porfirio Díaz, Presidente Constitucional de la República Mexicana | ||
| 500 | _aTitulo de cubierta: México en el Centenario de su Independencia | ||
| 500 | _aEstado físico: presenta 2 hojas sueltas, p. 9 a la 12 | ||
| 500 | _aDD9 | ||
| 651 | 4 |
_aMéxico _xDescripción y viajes _9103 |
|
| 651 | 4 |
_aMéxico _xHistoria _9614 |
|
| 700 | 1 |
_aEspino Barros, Eugenio _epról. _916035 |
|
| 902 | _aGFM | ||
| 942 |
_2lcc _cB |
||
| 999 |
_c6099 _d6099 |
||